000 00366nam a2200169Ia 4500
100 _aMelvin Powers
650 _aPhilosophy
942 _cBK
366 _f25
654 _adynamic thinking
245 _aArt of Dynamic Thinking
260 _bBetter Yourself Books
_aBandra
_c1955
082 _a170/MEL
_bMEL
300 _a80
546 _aENGLISH
999 _c19238
_d19238